Tilastot visalle Yhdistyneen kuningaskunnan kaupunkeja kartalla

Klikkaa tästä pelataksesi tätä visaa!

Yleistilastot

  • Tätä visaa on pelattu 764 kertaa
  • Keskiarvotulos 11 / 21

Vastaukset kartalla

Vastauksille on annettu kartalla punavihreä väri sen mukaan, kuinka moni on saanut sen oikein.
 

Vastaustilastot

Vastaus% Oikein
Lontoo
96%
Manchester
68%
Belfast
62%
Glasgow
61%
Edinburgh
60%
Cardiff
59%
Liverpool
59%
Newcastle
50%
Birmingham
48%
Aberdeen
47%
Oxford
46%
Norwich
45%
Plymouth
44%
Bristol
43%
Dover
43%
Brighton
42%
Kirkwall
42%
Inverness
41%
Londonderry
38%
Douglas
36%
York
36%

Tulosjakauma

Persentiili vastausten määrän mukaan

Jokaisen tuloksen saaneiden osuus

Tuloshistoriasi

Et ole pelannut tätä visaa